000 00301 a2200121 4500
001 86755
082 _a362.76 ROZ
090 _c40850
_d40850
100 _aRozan
245 _aGuidelines for Parents and Teachers (Only VCD )
_hUrdu
260 _aIslamabad
_bRozan Organization
_c2010
500 _aVCD
942 _aCAE NUST
_k362.76 ROZ
999 _c321828
_d321828